The international law of the sea : (Record no. 31315)

MARC details
000 -LEADER
fixed length control field 01085cam a22003015a 4500
005 - DATE AND TIME OF LATEST TRANSACTION
control field 20091029000510.0
008 - FIXED-LENGTH DATA ELEMENTS--GENERAL INFORMATION
fixed length control field 090911s2009 ii a b 001 0 eng d
010 ## - LCCN (DPL NO)
LC control number ENG-95312
020 ## - INTERNATIONAL STANDARD BOOK NUMBER
International Standard Book Number 9780198060000
Terms of availability 795.00
020 ## - INTERNATIONAL STANDARD BOOK NUMBER
International Standard Book Number 0198060009
Terms of availability 795.00
035 ## - SYSTEM CONTROL NUMBER
System control number EN-78845
037 ## - SOURCE OF ACQUISITION
Stock number DBAD/PUB
040 ## - CATALOGING SOURCE
Original cataloging agency DPL
Language of cataloging eng
043 ## - GEOGRAPHIC AREA CODE
Geographic area code a-ii---
082 ## - DEWEY DECIMAL CLASSIFICATION NUMBER
Classification number 341.45
Edition number 22
100 ## - MAIN ENTRY--PERSONAL NAME
Personal name Sharma, O. P.
245 ## - TITLE STATEMENT
Title The international law of the sea :
Remainder of title India and UN convention of 1982 /
Statement of responsibility, etc by O.P. Sharma.
260 ## - PUBLICATION, DISTRIBUTION, ETC. (IMPRINT)
Place of publication, distribution, etc New Delhi :
Name of publisher, distributor, etc Oxford University Press,
Date of publication, distribution, etc 2009.
300 ## - PHYSICAL DESCRIPTION
Extent lix, 357 p. :
Other physical details ill. ;
Dimensions 22 cm.(Hb)
500 ## - GENERAL NOTE
General note Includes indexes.
504 ## - BIBLIOGRAPHY, ETC. NOTE
Bibliography, etc Includes bibliographical references (p. [337]-348).
630 ## - SUBJECT ADDED ENTRY--UNIFORM TITLE
Uniform title United Nations Convention on the Law of the Sea
650 ## - SUBJECT ADDED ENTRY--TOPICAL TERM
Topical term or geographic name as entry element Law of the sea.
650 ## - SUBJECT ADDED ENTRY--TOPICAL TERM
Topical term or geographic name as entry element Law of the sea
Geographic subdivision India.
942 ## - ADDED ENTRY ELEMENTS (KOHA)
Source of classification or shelving scheme Dewey Decimal Classification
Item type English Books
Call number suffix SHA
Holdings
Withdrawn status Lost status Source of classification or shelving scheme Damaged status Not for loan Collection code Home library Current library Date acquired Source of acquisition Cost, normal purchase price Total Checkouts Full call number Barcode Date last seen Copy number Cost, replacement price Koha item type
    Dewey Decimal Classification   Not For Loan Non-fiction D.B.Act.Division D.B.Act.Division 04/11/2009 DBAD / PUB 795.00   SHA EN-78845 04/11/2009 1 795.00 English Books

© Delhi Public Library
Hit Counter
free hit counter